<Die> internationale Wettbewerbsposition des deutschen Maschinenbaus. <Ein> Erklärungsansatz.

Snaha vysvetliť pozíciu nemeckého priemyslu v rámci medzinárodnej konkurencie v termínoch dôležitých determinantov úspechu a vysvetlenie jeho vedúcej pozície pomocou Gutenbergovho poňatia ceny a dopytu. Vyspelá technológia a schopnosť uspokojiť individuálne potreby zákazníka ako dva kľúčové faktory...

Ausführliche Beschreibung

Gespeichert in:
Bibliographische Detailangaben
1. Verfasser: Reiter, G.
Format: Buchkapitel
Sprache:Deutsch
Schlagworte:
Tags: Tag hinzufügen
Keine Tags, Fügen Sie das erste Tag hinzu!

MARC

LEADER 00000naa a2200000 4500
001 r007321
005 20221130103430.2
041 0 |a ger 
044 |a DE 
245 1 0 |a <Die> internationale Wettbewerbsposition des deutschen Maschinenbaus.  |b <Ein> Erklärungsansatz.  |c G. Reiter 
520 |a Snaha vysvetliť pozíciu nemeckého priemyslu v rámci medzinárodnej konkurencie v termínoch dôležitých determinantov úspechu a vysvetlenie jeho vedúcej pozície pomocou Gutenbergovho poňatia ceny a dopytu. Vyspelá technológia a schopnosť uspokojiť individuálne potreby zákazníka ako dva kľúčové faktory tohoto úspechu. 
610 2 0 |a priemysel strojársky 
610 2 0 |a Nemecko 
610 2 0 |a konkurencia medzinárodná 
610 2 0 |a ceny 
610 2 0 |a dopyt 
610 2 0 |a funkcie produkčné 
100 1 |a Reiter, G.